Clutch's April Fools Quiz - Statistics

General Stats
  • This quiz has been taken 32 times
  • The average score is 4 of 16
Answer Stats
Question Answer % Correct
What country has been producing fortune cookies and orange chicken since the early middle ages? China
91%
What is the answer to question #21? Nothing
61%
What nation was the birth place of the Renaissance? Japan
43%
If you don't agree, ___? No one cares
35%
What do most citizens in Ankara eat during November? Turkey
35%
Which video game had the lowest "toxicity" rate from 2020-2021? Fortnite
30%
For the past 13 years, what has Jeppy, the Jetpunk fish, accomplished? Guinness World Record for longest time lounging around without food or water
22%
Who is the best YouTuber (HINT: Minecraft and redstone)? Mumbo Jumbo
22%
And what nationality are these people? Russian
22%
What is the rapper JetPunk is most obsessed with? Eminem
17%
When a British person becomes a monarch, what does he/she rule over? Europe or Canada
17%
During what time period did all of humanity stop thinking? The Middle Ages
17%
In what city can you find the holiest prickly pear cactus? Mexico City
13%
Who famously died during a child's game of two-touch? Humpty Dumpty
9%
What country has the "most stable, independent government"? Greenland
4%
What country has the longest single-word name? Mauriccotanialicarawique
0%
No matching quizzes found
Score Distribution
Percent of People with Each Score
Percentile by Number Answered
Your Score History
You have not taken this quiz